Normal view
MARC view
- FINITE ELEMENT METHOD.FEM. ANSYS(COMPUTER SYSTEMS)
Entry Topical Term
001 - CONTROL NUMBER
- control field: 61402
003 - CONTROL NUMBER IDENTIFIER
- control field: NUST
005 - DATE AND TIME OF LATEST TRANSACTION
- control field: 20210628202739.0
008 - FIXED-LENGTH DATA ELEMENTS
- fixed length control field: 210628|| aca||aabn | a|a d
040 ## - CATALOGING SOURCE
- Original cataloging agency: NUST
- Transcribing agency: NUST
150 ## - HEADING--TOPICAL TERM
- Topical term or geographic name entry element: FINITE ELEMENT METHOD.FEM. ANSYS(COMPUTER SYSTEMS)
670 ## - SOURCE DATA FOUND
- Source citation: Work cat.: (NUST): Madenci, Erdogan,Guven, Ibrahim 61401, The finite element method and applications in engineering using ansys, 2006
